000 00453nab a2200145Ia 4500
003 ES-SlBCS
005 20210601125339.0
008 140529s2002 xxu||||| |||| 00| 0 eng d
041 _aeng
100 1 _aHawley, Katherine
_9151122
245 0 0 _aVagueness and Existence
_c Katherine Hawley
650 0 4 _aIncertidumbre-Existencia
_9157075
773 0 _tProceedings of the Aristotelian Society
_gvol. 102, nº. 2, 2002, págs. 125-140
_wRev837
942 _cAR
999 _c528877
_d528877